[Event "AUTO-OPEN-3284"]
[Site "http://www.queenalice.com/game.php?id=1331436"]
[Date "2014.12.29"]
[Round "2"]
[White "duschgel"]
[Black "quickstep"]
[Result "0-1"]
[WhiteElo "2126"]
[BlackElo "2482"]

1. c4 e6 2. g3 Nf6 3. Bg2 d5 4. Nf3 dxc4 5. O-O Nbd7 6. a4 a5 7. Na3 Bxa3 8.
Rxa3 O-O 9. Qc2 Nb6 10. e3 Nfd5 11. Ne5 Nb4 12. Qc3 Qf6 13. Nxc4 Qxc3 14. Rxc3
N6d5 15. Rb3 b6 16. e4 Ba6 17. exd5 Bxc4 18. Rxb4 axb4 19. dxe6 Bxf1 20. exf7+
Kxf7 0-1

[Event "AUTO-ELITE-1439"]
[Site "http://www.queenalice.com/game.php?id=1337970"]
[Date "2015.1.29"]
[Round "1"]
[White "quickstep"]
[Black "Sexxy_Bunny"]
[Result "1/2-1/2"]
[WhiteElo "2507"]
[BlackElo "2647"]

1. d4 Nf6 2. c4 e6 3. Nc3 Bb4 4. Qc2 O-O 5. a3 Bxc3+ 6. Qxc3 b6 7. Bg5 Bb7 8. f3
h6 9. Bh4 d5 10. e3 Nbd7 11. Nh3 c5 12. cxd5 cxd4 13. Qxd4 e5 14. Qd1 Bxd5 15.
Nf2 Be6 16. Be2 Qe7 17. O-O g5 18. Bg3 Nh5 19. Rc1 Rfc8 20. Ne4 Nxg3 21. hxg3 f5
22. Nc3 Nf6 23. Bd3 Kg7 24. Qc2 Nh5 25. Kh2 f4 26. gxf4 gxf4 27. Rfe1 Qg5 28.
Qd2 Rg8 29. Kg1 Kh8 30. Ne4 Qh4 31. Bf1 Ng3 32. exf4 Qh1+ 33. Kf2 Nxf1 34. Rxf1
Rxg2+ 35. Ke1 Qh4+ 36. Rf2 Rg1+ 37. Ke2 Rxc1 38. Qxc1 Rc8 39. Qe3 Bc4+ 40. Kd2
Rd8+ 41. Kc2 Rd3 42. Qc1 b5 43. Kb1 a6 44. Kc2 a5 45. Kb1 Qxf4 46. Qxf4 exf4 47.
Kc2 Re3 48. Nd6 Kh7 49. Nxc4 bxc4 50. Kd1 h5 51. Rc2 Kg6 52. Rxc4 Rxf3 53. Ra4
Rf2 54. Ke1 Rxb2 55. Rxf4 a4 56. Rxa4 h4 57. Rxh4 Rb1+ 58. Kd2 Ra1 1/2-1/2

[Event "AUTO-ELITE-1439"]
[Site "http://www.queenalice.com/game.php?id=1337971"]
[Date "2015.1.29"]
[Round "1"]
[White "Sexxy_Bunny"]
[Black "quickstep"]
[Result "1/2-1/2"]
[WhiteElo "2632"]
[BlackElo "2488"]

1. e4 e6 2. d4 d5 3. Nc3 Nf6 4. Bg5 Bb4 5. e5 h6 6. Bd2 Bxc3 7. bxc3 Ne4 8. Qg4
g6 9. Bd3 Nxd2 10. Kxd2 c5 11. Nf3 Nc6 12. h4 c4 13. Be2 Qe7 14. Qf4 Bd7 15. Nh2
h5 16. Nf3 O-O-O 17. a4 Rhf8 18. Qf6 Rde8 19. Qxe7 Rxe7 20. Rhf1 f6 21. exf6
Rxf6 22. Ne5 Nxe5 23. dxe5 Rf8 24. g3 b6 25. a5 b5 26. a6 Kc7 27. f4 Bc8 28. Ra2
Kb6 29. Rfa1 Ref7 30. Ke3 Kc5 31. Bf1 Re7 1/2-1/2

[Event "AUTO-ELITE-1439"]
[Site "http://www.queenalice.com/game.php?id=1337972"]
[Date "2015.1.29"]
[Round "1"]
[White "quickstep"]
[Black "Donidon"]
[Result "1-0"]
[WhiteElo "2484"]
[BlackElo "2219"]

1. d4 d5 2. c4 c6 3. Nc3 Nf6 4. Nf3 g6 5. cxd5 Nxd5 6. e4 Nxc3 7. bxc3 Bg7 8.
Bc4 O-O 9. O-O Bg4 10. h3 Bxf3 11. Qxf3 e6 12. a4 a5 13. Rb1 Qc8 14. e5 Na6 15.
Ba3 Re8 16. Rb2 Bf8 17. Bxf8 Rxf8 18. Rfb1 Rb8 19. Bxa6 Qd7 20. Rxb7 Rxb7 21.
Rxb7 Qd8 22. Qxc6 Qc8 23. Qxc8 Rxc8 24. c4 Rd8 25. c5 Rxd4 26. c6 1-0

[Event "AUTO-ELITE-1439"]
[Site "http://www.queenalice.com/game.php?id=1337973"]
[Date "2015.1.29"]
[Round "1"]
[White "Donidon"]
[Black "quickstep"]
[Result "1/2-1/2"]
[WhiteElo "2343"]
[BlackElo "2491"]

1. e4 e6 2. d4 d5 3. Nc3 Nf6 4. e5 Nfd7 5. f4 c5 6. Nf3 a6 7. Ne2 Nc6 8. c3 b5
9. Be3 Qb6 10. g3 b4 11. Bg2 Be7 12. O-O O-O 13. c4 dxc4 14. Nd2 Bb7 15. Nxc4
Qb5 16. b3 Nxd4 17. Nxd4 cxd4 18. Bxb7 Qxb7 19. Bxd4 Nc5 20. Be3 Rad8 21. Qe2
Rd3 22. Rad1 Rfd8 23. Rxd3 Rxd3 24. Nb2 Rd7 25. Rc1 Rd5 26. Qf3 Qd7 27. Nc4 Qd8
28. Kg2 Nd3 29. Rf1 Bc5 30. f5 Nxe5 31. Nxe5 Rxe5 32. Bxc5 Rxc5 33. fxe6 f6 34.
Rd1 Qe8 35. Rd6 Rc2+ 36. Kh3 Rc8 37. Qd5 g5 38. Kg4 Qg6 39. Rd8+ Rxd8 40. Qxd8+
Kg7 41. e7 Qe4+ 1/2-1/2

[Event "AUTO-OPEN-3284"]
[Site "http://www.queenalice.com/game.php?id=1348997"]
[Date "2015.3.21"]
[Round "3"]
[White "quickstep"]
[Black "vult0"]
[Result "1-0"]
[WhiteElo "2501"]
[BlackElo "2301"]

1. e4 e5 2. Nf3 Nc6 3. Bb5 d6 4. d4 exd4 5. Nxd4 Bd7 6. Nc3 Nge7 7. Bg5 Nxd4 8.
Qxd4 Bxb5 9. Nxb5 a6 10. Nc3 Nc6 11. Qe3 Be7 12. h4 O-O 13. O-O-O a5 14. Nd5 Re8
15. Qg3 Bxg5+ 16. hxg5 Re6 17. Qh4 h6 18. gxh6 Rxh6 19. Qxd8+ Rxd8 20. Rxh6 gxh6
21. Nxc7 Kg7 22. Nb5 1-0

[Event "AUTO-OPEN-3284"]
[Site "http://www.queenalice.com/game.php?id=1348998"]
[Date "2015.3.21"]
[Round "3"]
[White "vult0"]
[Black "quickstep"]
[Result "0-1"]
[WhiteElo "2324"]
[BlackElo "2496"]

1. d4 Nf6 2. c4 g6 3. Nc3 d5 4. Nf3 Bg7 5. e3 O-O 6. Bd3 c5 7. cxd5 Nxd5 8. Bd2
Nc6 9. Be4 Nf6 10. Bxc6 bxc6 11. dxc5 Rb8 12. b3 Nd7 13. Nd4 Qc7 14. Qf3 Nxc5
15. Qxc6 Qe5 16. Qd5 Nd3+ 17. Ke2 Nf4+ 0-1

[Event "AUTO-OPEN-3473"]
[Site "http://www.queenalice.com/game.php?id=1355629"]
[Date "2015.4.25"]
[Round "1"]
[White "Bategoll"]
[Black "quickstep"]
[Result "0-1"]
[WhiteElo "1850"]
[BlackElo "2506"]

1. d4 Nf6 2. Nc3 d5 3. Nf3 e6 4. e3 c5 5. Be2 Nc6 6. dxc5 Bxc5 7. Nd4 O-O 8.
Nxc6 bxc6 9. O-O Qc7 10. f4 e5 11. Kh1 exf4 12. exf4 Re8 13. Bd2 Bd6 14. Bf3 Rb8
15. b3 Bxf4 16. Bxf4 Qxf4 17. Bxd5 Qe5 18. Bxc6 Ng4 19. g3 Qxc3 20. Bxe8 Bb7+
0-1

[Event "AUTO-OPEN-3473"]
[Site "http://www.queenalice.com/game.php?id=1355630"]
[Date "2015.4.25"]
[Round "1"]
[White "quickstep"]
[Black "Bategoll"]
[Result "1-0"]
[WhiteElo "2505"]
[BlackElo "1855"]

1. e4 e5 2. Nf3 Nc6 3. Bb5 Nf6 4. O-O d6 5. Re1 Bd7 6. c3 Be7 7. h3 O-O 8. d4
exd4 9. cxd4 Re8 10. Nc3 a6 11. Bc4 b5 12. Bd3 Nb4 13. Bb1 Nc6 14. e5 Nh5 15. e6
fxe6 16. d5 exd5 17. Qxd5+ Kh8 18. Qxh5 Bf6 19. Qxh7# 1-0

[Event "AUTO-OPEN-3473"]
[Site "http://www.queenalice.com/game.php?id=1355657"]
[Date "2015.4.25"]
[Round "1"]
[White "kokokinel"]
[Black "quickstep"]
[Result "0-1"]
[WhiteElo "2184"]
[BlackElo "2513"]

1. b3 d5 2. Bb2 Bg4 3. f4 e6 4. g3 Nf6 5. Bg2 c5 6. Nf3 Nc6 7. O-O Be7 8. Ne5
Nxe5 9. Bxe5 O-O 10. d3 Bh5 11. Bf3 Bxf3 12. exf3 Ne8 13. Bb2 Bf6 14. Bxf6 Qxf6
15. Nd2 h5 16. Qe2 Qd4+ 17. Kg2 Nd6 18. Rfe1 Nf5 19. Nf1 Rac8 20. Qe5 Qb4 21. a3
Qd4 22. Rad1 Rc6 23. Ne3 Qxe5 24. fxe5 Nd4 25. f4 b5 26. c4 Ra6 27. cxd5 Rxa3
28. d6 a5 29. b4 cxb4 30. Rd2 a4 0-1

[Event "AUTO-OPEN-3473"]
[Site "http://www.queenalice.com/game.php?id=1355658"]
[Date "2015.4.25"]
[Round "1"]
[White "quickstep"]
[Black "kokokinel"]
[Result "1-0"]
[WhiteElo "2512"]
[BlackElo "2172"]

1. e4 e5 2. Nf3 Nf6 3. Nxe5 d6 4. Nf3 Nxe4 5. d4 d5 6. Bd3 Bd6 7. O-O O-O 8. c4
c6 9. Qc2 f5 10. Nc3 Na6 11. Qb3 Nxc3 12. bxc3 Kh8 13. c5 Bc7 14. Bg5 Qe8 15.
Rfe1 Qh5 16. Be7 Re8 17. Bxa6 bxa6 18. Qa4 Bd7 19. Bd6 Bxd6 20. cxd6 Red8 21.
Qxa6 g5 22. Re7 g4 23. Ne5 Be8 24. d7 1-0

[Event "AUTO-ELITE-1439"]
[Site "http://www.queenalice.com/game.php?id=1361119"]
[Date "2015.5.22"]
[Round "2"]
[White "mathematician1961"]
[Black "quickstep"]
[Result "1-0"]
[WhiteElo "2704"]
[BlackElo "2497"]

1. e4 e6 2. d4 d5 3. Nd2 c5 4. exd5 exd5 5. Ngf3 Nc6 6. Bb5 Bd6 7. dxc5 Bxc5 8.
Nb3 Qe7+ 9. Qe2 Bd6 10. O-O Qxe2 11. Bxe2 Nge7 12. Be3 O-O 13. Rad1 Bf5 14. c3
Rfe8 15. Rfe1 Rad8 16. Nfd4 h6 17. Nxf5 Nxf5 18. Bc1 Re6 19. g3 Bf8 20. Kf1 g5
21. Bg4 Rxe1+ 22. Kxe1 Nfe7 23. f4 f5 24. Be2 g4 25. Nc5 b6 26. Ne6 Rd6 27. Nxf8
Kxf8 28. b3 Rd8 29. Bb2 Kf7 30. Bb5 a6 31. Bd3 b5 32. Ba3 Rd7 33. Bc5 Rc7 34. b4
Kf6 35. a4 Rb7 36. Ra1 1-0

[Event "AUTO-ELITE-1439"]
[Site "http://www.queenalice.com/game.php?id=1361120"]
[Date "2015.5.22"]
[Round "2"]
[White "quickstep"]
[Black "mathematician1961"]
[Result "0-1"]
[WhiteElo "2493"]
[BlackElo "2710"]

1. e4 e5 2. Nf3 Nc6 3. Bb5 Nf6 4. O-O Nxe4 5. d4 Nd6 6. Bxc6 dxc6 7. dxe5 Nf5 8.
Qxd8+ Kxd8 9. Nc3 Bd7 10. Rd1 Kc8 11. Ng5 Be8 12. Nge4 b6 13. f3 Bd7 14. a4 a5
15. Ne2 Be7 16. b3 c5 17. Rd3 Bc6 18. N4g3 Nxg3 19. Nxg3 g6 20. Bb2 Kb7 21. c4
Rhe8 22. Rad1 Bg5 23. Ne2 h5 24. f4 Bh6 25. h4 Be4 26. R3d2 Bf5 27. g3 Bf8 28.
Kf2 Bg4 29. Ba1 Be7 30. Rd5 c6 31. R5d2 b5 32. axb5 a4 33. bxc6+ Kxc6 34. bxa4
Rxa4 0-1

[Event "AUTO-ELITE-1439"]
[Site "http://www.queenalice.com/game.php?id=1361123"]
[Date "2015.5.22"]
[Round "2"]
[White "quickstep"]
[Black "Sexxy_Bunny"]
[Result "0-1"]
[WhiteElo "2507"]
[BlackElo "2660"]

1. d4 Nf6 2. c4 e6 3. Nf3 d5 4. Nc3 c6 5. Bg5 h6 6. Bxf6 Qxf6 7. Qb3 dxc4 8.
Qxc4 Nd7 9. e3 g6 10. Be2 Bg7 11. O-O O-O 12. Rfd1 e5 13. Ne4 Qe7 14. d5 cxd5
15. Qxd5 Nb6 16. Qd6 Qxd6 17. Rxd6 Bf5 18. Nc3 Rfd8 19. Rad1 Rxd6 20. Rxd6 Rc8
21. Rd1 Be6 22. h3 f5 23. Nd2 e4 24. Ndb1 Kf7 25. g3 Be5 26. Kg2 a6 27. Kh2 Nd7
28. Kg2 b5 29. a3 Nb6 30. g4 Bb3 0-1

[Event "AUTO-ELITE-1439"]
[Site "http://www.queenalice.com/game.php?id=1361124"]
[Date "2015.5.22"]
[Round "2"]
[White "Sexxy_Bunny"]
[Black "quickstep"]
[Result "1-0"]
[WhiteElo "2665"]
[BlackElo "2502"]

1. e4 e6 2. d4 d5 3. Nc3 Bb4 4. e5 c5 5. a3 Bxc3+ 6. bxc3 Ne7 7. Qg4 cxd4 8.
Qxg7 Rg8 9. Qxh7 Qc7 10. Ne2 dxc3 11. f4 Nbc6 12. Qd3 Qa5 13. Be3 Nf5 14. Bf2
Nb4 15. Qd1 Nc6 16. Ng3 Nxg3 17. hxg3 b6 18. Qd3 Ke7 19. Be2 Bb7 20. Kf1 Rh8 21.
Rh3 Rac8 22. Kg1 Rcg8 23. Bh5 Ba6 24. Qf3 Rh7 25. g4 Kd8 26. g5 Ne7 27. g6 fxg6
28. Bg4 Rxh3 29. Qxh3 Qa4 30. Bxe6 1-0